| 000 | 00760nam a2200241 a 4500 | ||
|---|---|---|---|
| 008 | |||
| 020 | _a0195117018 (hbk.) | ||
| 049 | _aMAIN | ||
| 090 |
_aTK7881.15 _b.K74 1998 |
||
| 100 | 1 | _aKrein, Philip T. | |
| 245 | 1 | 0 |
_aElements of power electronics / _cPhilip T. Krein. |
| 260 |
_aNew York : _bOxford University Press, _c1998. |
||
| 300 |
_axviii, 766 p. : _bill. ; _c25 cm. |
||
| 440 | _aThe Oxford series in electrical and computer engineering. | ||
| 500 | _aInlcudes index. | ||
| 504 | _aIncludes bibliographical references. | ||
| 650 | 0 | _aPower electronics. | |
| 907 |
_a.b10174485 _b16-09-05 _c06-09-05 |
||
| 003 | |||
| 005 | 20230123134104.0 | ||
| 040 | _cNUST | ||
| 942 |
_cBOOKS _kTK7881.15 _m.K74 1998 |
||
| 999 |
_c159846 _d159846 |
||